| 000 | 01380nam a2200373 i 4500 | ||
|---|---|---|---|
| 003 | EG-GICUC | ||
| 005 | 20260506114210.0 | ||
| 008 | 260506s1978 de ||||fr|||| 00| 0 ger d | ||
| 040 |
_aEG-GiCUC _bger _cEG-GiCUC _dEG-GiCUC _eRda |
||
| 041 | 0 | _ager | |
| 082 | 0 | 4 |
_221 _a343.1142 _bSC . S |
| 092 | 0 | 4 | _221 |
| 099 | _aLaw1 10 343.1142 SC . S 19 ed - 1978 | ||
| 100 | 1 |
_aSchönke, Adolf _eAuthor. |
|
| 245 | 1 | 0 |
_aStrafgesetzbuch Kommentar / _cbegründet von Adolf Schönke ; fortgeführt von Horst Schröder ; 19., neubearbeitete Auflage von Theodor Lenckner, Peter Cramer, Albin Eser, Walter Stree. |
| 250 | _a 19., neubearbeitete Auflage | ||
| 264 | 1 |
_a München : _b C. H. Beck’sche Verlagsbuchhandlung, _c1978. |
|
| 300 |
_a2109 page ; _c 24 cm. _billustrations, |
||
| 336 |
_2rda contenu _a texte |
||
| 337 |
_2rda medias _aOrdinateur |
||
| 338 |
_2 transporteur rda _a Ressource en ligne |
||
| 504 | _aComprend des references bibliographiques. | ||
| 546 | _a Text in German | ||
| 650 | 1 |
_aPenal system _2qrmak |
|
| 651 | 1 | _2qrmak | |
| 700 | 1 |
_aSchröder, Hors _eContributor |
|
| 700 | 1 |
_aLenckner, Theodor _eContributor |
|
| 700 | 1 |
_aCramer, Peter _eContributor |
|
| 700 | 1 |
_aEser, Albin _eContributor |
|
| 700 | 1 |
_aStree, Walter _eContributor |
|
| 856 | 4 | 0 | _uhttps://fll.law.cu.edu.eg/fulltext/bks/B10-10925.pdf |
| 905 | _a74 | ||
| 942 |
_2ddc _n0 _cBK _e21 |
||
| 999 |
_c75993 _d75993 |
||